| 000 | 00583nam a2200217Ia 4500 | ||
|---|---|---|---|
| 005 | 20260429112007.0 | ||
| 008 | 260429s9999||||xx |||||||||||||| ||und|| | ||
| 020 | _a9781787151864 | ||
| 041 | _aEnglish | ||
| 082 |
_a658.4012 _bKAN |
||
| 100 | _aPaul, Kang | ||
| 245 | 0 |
_aStrategic management / _cKang Paul |
|
| 260 |
_aUnited Kingdom : _bKruger Brentt Publishers, _c2024. |
||
| 300 | _aix, 313 p.; hb | ||
| 650 | _a Executive management | ||
| 650 | _a Strategic management | ||
| 650 | _aManagement | ||
| 700 | _a Cortez, Jean | ||
| 700 | _a Hall, Christian | ||
| 942 | _cTB | ||
| 999 |
_c51795 _d51795 |
||